LIBRARY & INFORMATION CENTRE, KCAET, TAVANUR

ONLINE PUBLIC ACCESS CATALOGUE (OPAC)

Aeronautical engineering: For national certificate, Vol 1 / (Record no. 9325)

MARC details
000 -LEADER
fixed length control field 00564cam a2200205ua 4500
041 ## - LANGUAGE CODE
Language code of text/sound track or separate title eng
082 ## - DEWEY DECIMAL CLASSIFICATION NUMBER
Classification number 629.13
Item number TAT/AE
100 ## - MAIN ENTRY--AUTHOR NAME
Personal name Tatham, R .
245 ## - TITLE STATEMENT
Title Aeronautical engineering: For national certificate, Vol 1 /
250 ## - EDITION STATEMENT
Edition statement 1 /
260 ## - PUBLICATION, DISTRIBUTION, ETC. (IMPRINT)
Place of publication London :
Name of publisher English Universities Press ,
Year of publication 1949.
300 ## - PHYSICAL DESCRIPTION
Number of Pages 173 ; .
490 0# - SERIES STATEMENT
Series statement Technical college series,
Volume number/sequential designation
942 ## - ADDED ENTRY ELEMENTS (KOHA)
Koha item type Books
Holdings
Withdrawn status Lost status Damaged status Home library Current library Date acquired Full call number Accession Number Koha item type Public note
Withdrawn     KAUAET KAUAET 07/04/2012 629.13 3780 Books Deleted
free website counter